000 00318nam a2200133 4500
005 20260530113852.0
100 1 _aCarsten Nicolai
_931316
245 1 0 _aMoire Index
264 1 _bGestalten
_c2010
300 _a480 páginas
336 _atexto
_2rdacontent
337 _asin medio
_2rdamedia
338 _avolumen
_2rdacarrier
999 _c11483
_d11483